Minimalist Block Characters III Quiz Stats

Quiz Updated Mar 28, 2016

Score 0/12 Timer 03:00
0 Plays Today
Image Character % Correct
Col 2Eric Cartman
82.4%
Col 2Ronald McDonald
71.8%
Col 1Ariel
61.4%
Col 3Dino
61.4%
Col 4Papa Smurf
60.8%
Col 1Popeye
59.5%
Col 1Mega Man
37.3%
Col 2Cheer Bear
32.8%
Col 3Daffy Duck
23.4%
Col 4Freddy Krueger
20.8%
Col 3The Mask
19.3%
Col 4Oscar The Grouch
16.1%

You're not logged in!

Compare scores with friends on all Sporcle quizzes.
Sign Up with Email
OR
Log In

You Might Also Like...

Show Comments

Extras

Top Quizzes Today


Score Distribution

Your Account Isn't Verified!

In order to create a playlist on Sporcle, you need to verify the email address you used during registration. Go to your Sporcle Settings to finish the process.